Normal view
MARC view
- الفيومي،إبراهيم حسين عبد الهادي
Entry Personal Name
001 - CONTROL NUMBER
- control field: 13398
003 - CONTROL NUMBER IDENTIFIER
- control field: JO-AjAnu
005 - DATE AND TIME OF LATEST TRANSACTION
- control field: 20230606072437.0
008 - FIXED-LENGTH DATA ELEMENTS
- fixed length control field: 230606|| aca||aabn | a|a d
040 ## - CATALOGING SOURCE
- Original cataloging agency: JO-AjAnu
- Transcribing agency: JO-AjAnu
100 ## - HEADING--PERSONAL NAME
- Personal name: الفيومي،إبراهيم حسين عبد الهادي
670 ## - SOURCE DATA FOUND
- Source citation: Work cat.: (JO-AjAnu)6894: الفيومي،إبراهيم حسين عبد الهادي, author, الواقعية في الرواية العربية الحديثة في بلاد الشام [سوريا - لبنان - فلسطين - الأردن] من1939-1967